LEADER 01571nam a2200373 a 4500 001 000000160472 003 CaOOAMICUS 005 20170503113606.0 008 170503s2015 it u001 u ita r 020 $a978-88-452-7879-2* 032 $aLibriCat 040 $aPUL$bita 041 1 $aita$ager$hger 082 04$a190 100 1 $aJaspers, Karl,$d1883-1969.$0(OLS)http://pul/name/6455 240 10$aVon der Wahrheit.$lItaliano e tedesco.$0(OLS)http://pul/title/200123 245 10$aDella verità :$blogica filosofica /$cKarl Jaspers ; saggio introduttivo, traduzione e note di Diego D'Angelo. 260 $aMilano :$bBompiani,$c©2015. 300 $aLXVI, 2218 p. ;$c22 cm. 490 1 $aBompiani Il pensiero occidentale 504 $aIndici e bibliografia. 546 $aTraduzione italiana con testo tedesco a fronte. 650 4$aLogica filosofica.$0(OLS)http://pul/subject/39440 700 1 $aD'Angelo, Diego.$0(OLS)http://pul/name/102679 830 0$aBompiani Il pensiero occidentale.$0(OLS)http://pul/title/99836 850 $aPUL 852 $aPUL$W1$xSL Filosofia 3$y81$m190 COLL 2.214$j184085$qDDC 21$B187294$CPULBib$Z2$F187294 $H129559 $81 941 1 $a9 983 3$aIl pensiero occidentale (Bompiani) 996 $6020$a978-88-452-7879-2*$9(OLS)http://pul/number/162563 996 $6082$a190$9(OLS)http://pul/classification/123 996 $6245$aDella verità :$blogica filosofica$9(OLS)http://pul/title/200124 996 $6260$aMilano :$bBompiani$9(OLS)http://pul/publisher/48240 LEADER 01597nam a2200373 a 4500 001 000000147571 003 CaOOAMICUS 005 20151123112614.0 008 151123s2015 it u000 u ita r 020 $a978-88-339-2673-5* 032 $aLibriCat 040 $aPUL$bita 041 1 $aita$hger 082 04$a501 100 1 $aHeisenberg, Werner,$d1901-1976.$0(OLS)http://pul/name/67820 240 10$aWaldlungen in den Grundlagen der Naturwissenschaft.$lItaliano.$0(OLS)http://pul/title/186242 245 10$aMutamenti nelle basi della scienza /$cWerner Heisenberg ; traduzione di Alfonso Verson. 260 $aTorino :$bBollati Boringhieri,$c©2015. 300 $aVIII, 155 p. ;$c19 cm. 490 1 $aI Grandi Pensatori ;$v114 500 $aInclude indice. 504 $aBibliografia p. [263]-271. 650 4$aMeccanica quantistica.$0(OLS)http://pul/subject/34185 650 4$aScienza.$0(OLS)http://pul/subject/3439 700 1 $aVerson, Alfonso.$0(OLS)http://pul/name/94336 830 2$aI grandi pensatori (Bollati Boringhieri) ;$v114.$0(OLS)http://pul/title/157822 850 $aPUL 852 $aPUL$W1$xSL Cons. Gen., Altre Classi 3$y75$m501 COLL 3.114$j170535$qDDC 21$B171354$CPULBib$Z2$F171354 $H126504 $81 941 1 $a9 996 $6020$a978-88-339-2673-5*$9(OLS)http://pul/number/158995 996 $6082$a501$9(OLS)http://pul/classification/520 996 $6245$aMutamenti nelle basi della scienza$9(OLS)http://pul/title/186243 996 $6260$aTorino :$bBollati Boringhieri$9(OLS)http://pul/publisher/47883